| 000 | 01154nam a2200277 4500 | ||
|---|---|---|---|
| 003 | EC-UNACH | ||
| 006 | s||||gr|||| 00| 00 | ||
| 008 | 150116t9999 mx r gr 000 0 spa d | ||
| 040 |
_aEC-UNACH _cEC-UNACH |
||
| 041 | _aspa | ||
| 082 | 0 | 4 |
_223 _a986.6 _bL017448 |
| 100 | _aSampedro, Francisco | ||
| 245 |
_aDel Amazonas en 1830 al Condor en 1981 _bLa realidad geográfica que la historia no investigo |
||
| 250 | _aPrimera Edición | ||
| 264 |
_aQuito _bIGM _c1983 |
||
| 300 |
_a320 paginas _c21 cm. |
||
| 500 | _aAl pueblo Ecuatoriano que no conocían la verdad completa del acontecer limítrofe de la Patria, cuyas consecuencias les toco sufrir y afrontar ejemplarizadora mente | ||
| 505 | _aLos conflictos Latinoamericanos.- La territorialidad Ecuatoriana.- La Cedula Real de 1802.- El Ecuador en 1941.- El Perú en 1941.- Agresión.- Descripción Geográfica de la Cordillera del Cóndor Peruana documentada de 1941.- | ||
| 650 | _aDIPLOMACIA | ||
| 650 | _aCONFLICTO | ||
| 650 | _aCORDILLERA | ||
| 942 |
_2ddc _c1 |
||
| 999 | _c14458 | ||